Statistiken für Die 10 südlichsten Megastädte

Klicken Sie hier um das Quiz zu spielen!

Allgemein

  • Dieses Quiz wurde 3.715 mal gespielt
  • Das Durchschnittsergebnis liegt bei 5 aus 10

Antwortstatistiken

BreitengradMegastadtBevölkerung% Korrekt
34.6° SBuenos Aires16.400.000
88%
22.9° SRio de Janeiro13.200.000
86%
26.2° SJohannesburg13.900.000
67%
23.6° SSão Paulo22.400.000
67%
6.1° SJakarta31.300.000
62%
12.0° SLima10.100.000
49%
4.4° SKinshasa13.000.000
37%
6.5° NLagos19.400.000
37%
13.1° NChennai11.300.000
13%
13.0° NBengaluru12.200.000
11%

Verteilung der Resultate

Perzentil nach korrekt beantworteten Fragen

Anzahl Personen mit jedem Resultat

Ihre Resultats-Entwicklung

Sie haben dieses Quiz noch nicht gespielt